| 000 | 00592nam a2200193Ia 4500 | ||
|---|---|---|---|
| 003 | GCL | ||
| 008 | 140319s9999 xx 000 0 ara d | ||
| 040 |
_aGCL / _cGCL |
||
| 082 | 0 | 4 |
_a658.81 _bم ا |
| 100 | 1 | _aمحيى الدين عباس الازهرى | |
| 245 | 1 | 0 |
_aادارة النشاط التسويقى: مدخل استراتيجى / _cمحيى الدين عباس الازهرى |
| 260 |
_a[S.N] : _bدار الفكر العربى ، _c1988 |
||
| 300 | _a620 ص | ||
| 490 | _a | ||
| 650 | 0 | 4 | _aالتسويق |
| 650 | 0 | 4 | _aالسلع |
| 650 | 0 | 4 | _aتصريف |
| 942 |
_2ddc _cBK |
||
| 999 |
_c48037 _d48037 |
||